| 000 | 00962nas a2200325 4500 | ||
|---|---|---|---|
| 001 | BR2017001492 | ||
| 003 | BR-BrBNA | ||
| 005 | 20231205130947.0 | ||
| 007 | ta | ||
| 008 | 230509b bl.|||p| |||| 00| 00por d | ||
| 040 |
_aBR-BrBNA _bpor _cBiblioteca Nacional de Agricultura |
||
| 041 | _a(Pt) | ||
| 072 | _aK10 | ||
| 100 | 1 | _aPamplona, A.L.Q. | |
| 100 | 1 | _aCosta, E.N. | |
| 100 | 1 | _aCarvalho, J.S.B. | |
| 100 | 1 | _aChagas, C.T.G. da | |
| 100 | 1 | _aBarros, D. de S. | |
| 100 | 1 | _aQuadros, B.R. de | |
| 245 | 1 | _aResposta fisiológica de sementes de paricá submetidas a estresse salino | |
| 650 | _aPARICÁ | ||
| 650 | _aÁRVORE ANGIOSPERMA | ||
| 650 | _aSEMENTE | ||
| 650 | _aFISIOLOGIA VEGETAL | ||
| 650 | _aSALINIDADE | ||
| 773 | 0 |
_tAgrotrópica (Brazil) _xISSN 0103-3816 _g(Sep-Dec 2016), v. 28(3) p. 319-324 _wBR2017001492 |
|
| 856 | 4 | 0 | _dLink DSPACE/MAPA BR2017001492 |
| 909 |
_a202311 _bLúcia _c55 _dLúcia Elande |
||
| 942 |
_2AGRIS _n0 _cANA |
||
| 999 |
_c252289 _d252289 |
||